| 000 | 00349nam a2200145Ia 4500 | ||
|---|---|---|---|
| 008 | 230312s9999||||xx |||||||||||||| ||und|| | ||
| 020 | _a0-7645-5428-5 | ||
| 082 |
_a646.724 _bSPE-H |
||
| 100 | _aSpear;Elaine,J | ||
| 245 | 0 | _aHaircutting for Dummies | |
| 260 |
_bJohn wiley _acanada _c2002 |
||
| 300 | _a334 | ||
| 650 | _aArchitecture | ||
| 942 | _cBK | ||
| 999 |
_c11956 _d11956 |
||